Opiniones de un payaso (Registro nro. 68004)
[ vista simple ]
| 000 -LÍDER | |
|---|---|
| Campo fijo de descripción fija | 01921nam a2200193 i 4500 |
| 001 - NÚMERO DE CONTROL | |
| Campo de control | 768714001 |
| 003 - IDENTIFICADOR DEL NÚMERO DE CONTROL | |
| Campo de control | CO-MdFUSB |
| 005 - FECHA Y HORA DE LA ULTIMA TRANSACCIÓN | |
| control field | 20220725164448.0 |
| 008 - ELEMENTOS DE LONGITUD FIJA -- INFORMACIÓN GENERAL | |
| Campo fijo de descripción fija -- Información general | 220725t1984 ck |||| |||| 00| 0 spa d |
| 040 ## - FUENTE DE CATALOGACIÓN | |
| Idioma de catalogación | spa |
| Agencia que realiza la transcripción | CO-MdFUSB |
| Agencia que realiza la modificación | CO-MdFUSB |
| 041 ## - CÓDIGO DE IDIOMA | |
| Código de idioma para texto/pista de sonido o título separado | spa |
| 100 ## - ASIENTO PRINCIPAL--NOMBRE PERSONAL | |
| Nombre personal | Böll, Heinrich, |
| Término relacionador | autor |
| 245 ## - TÍTULO | |
| Título | Opiniones de un payaso |
| Mención de responsabilidad | / Heinrich Böll |
| 300 ## - DESCRIPCIÓN FÍSICA | |
| Extensión | Volumen 11, (1984) páginas 477 - 626 ; |
| Dimensiones | 22 cm |
| 520 ## - NOTA DE RESUMEN, ETC. | |
| Nota de sumario, etc. | «Soy un payaso y colecciono momentos», con estas palabras se describe a sí mismo Hans Schnier, un artista venido a menos, destruido por la pérdida de un horizonte social y personal que le es tan ajeno como la felicidad que le ha sido vetada. Narrada en primera persona, Opiniones de un payaso es la obra con la que Heinrich Böll se situó definitivamente en el centro de la conciencia alemana, no solamente de la literaria sino sobretodo de la moral, política y religiosa. Católico ferviente, Böll se sintió obligado a manifestar su repugnancia ante las formas de adulteración y perversión que ciertos elementos representativos del catolicismo alemán creyeron conveniente adoptar con el fin de defender posiciones del poder político.<br/><br/>A través de la irónica, inconformista, y a la vez conmovedora historia de «su payaso», Böll quiso devolver al catolicismo la conciencia de su espiritualidad y de sus deberes con las personas y sus humildes y patéticas pasiones individuales. Humor y ternura convierten estas páginas en el magistral retrato de una sociedad hipócrita y materialista, en una crítica feroz capaz de sobrecoger al admirado lector. No en vano ha sido éste uno de los mayores best-sellers de la literatura alemana de posguerra; no en vano es, hoy en día, un clásico imprescindible.<br/><br/> |
| 653 ## - TÉRMINO DE INDIZACIÓN - NO CONTROLADO | |
| Término no controlado | Literatura alemana |
| 773 0# - ASIENTO DE ITEM FUENTE | |
| Biblionumber | 67924 |
| Itemnumber | 81150 |
| Asiento principal | Oveja Negra, |
| Otro identificador del ítem | 24700 |
| Título | Maestros de la literatura universal |
| Número de control del registro | (CO-MdFUSB)768714001 |
| International Standard Book Number | 8482806718 |
| 942 ## - TIPO DE MATERIAL (KOHA) | |
| Tipo de Item KOHA | Libros General |
No hay ítems disponibles.
